00779 a2200229 4500001000700000003000400007005001700011008004100028020001500069082001900084100008700103245013600190260004100326300001000367630001600377630002200393630001800415630003100433630002600464700003100490700002800521139006OSt20210929170720.0  a8170226643 a307.1412bM89L1 aLearning to share : experiences and reflections on PRA and community participation1 aLearning to share : experiences and reflections on PRA and community participation (Volume I)cedited by Neela Mukherjee...[et.al.] aNew DelhibConcepts Publishingc1997 a181p. aSocial Work aRural development aSocial action aWomen in rural development aCommunity development aMukherjee, Neela eeditor  aVinita, Kuamr eeditor